000 01132cam a22003493a 4500
001 28658
003 PGUSA
005 20140828083622.0
008 090501s2009||||xxu|||||s|||||000 1 eng d
040 _aPGUSA
_beng
042 _adc
050 4 _aPQ
100 1 _aDeledda, Grazia,
_d1871-1936
245 1 0 _aΚαλαμιές στον άνεμο
_h[electronic resource] /
_cGrazia Deledda
260 _bProject Gutenberg,
_c2009
500 _aOriginal Italian first published 1913, by Fratelli Treves, Milano.
506 _aPublic domain in the USA.
516 _aElectronic text
653 _aPeasants -- Italy -- Fiction
653 _aSuperstition -- Religious aspects -- Italy -- Fiction
653 _aSardinia (Italy) -- Fiction
653 _aSisters -- Fiction
653 _aFarms, Small -- Italy -- Sardinia -- Fiction
653 _aNephews -- Fiction
653 _aDomestic fiction
700 1 _aKotara, Lita
700 1 _aAlexandridis, Christos
740 0 _aCanne al vento (Reeds in the Wind)
830 0 _aProject Gutenberg
_v28658
856 4 0 _uhttp://www.gutenberg.org/ebooks/28658
942 _cEB
999 _c257913
_d257913